MUHAMMAD : Insan Paling Sempurna Pernah Dilahirkan

Bibliographic Details
Main Author: Kamilin Jamilin Dr (Author)
Format: Book
Language:Malay
Published: Selangor : Karya PiS Sdn Bhd 2021
Subjects:

MARC

LEADER 00000cam a2200000 7i4500
001 0000141908
005 20211105.0
008 211105t20202021my xb b may
020 |a 9789671707470 
040 |a PERPUSTAM   |b eng   |c PERPUSTAM   |e rda 
041 |a may 
090 0 0 |a 297.63   |b KAM 
100 0 |a Kamilin Jamilin   |c Dr. ,   |e author 
245 1 0 |a MUHAMMAD :   |b Insan Paling Sempurna Pernah Dilahirkan   |c DR KAMILIN JAMILIN 
264 1 |a Selangor :   |b Karya PiS Sdn Bhd   |c 2021 
300 |a vi,234 pages ;   |c 22 cm. 
336 |a text  |2 rdacontent 
337 |a unmediated  |2 rdamedia 
338 |a volume  |2 rdacarrier 
500 |a Includes bibliographical 
650 1 0 |a Muhammad, Prophet   |d 632   |v Biography 
999 |a 0000691963   |b Buku   |c Rak Terbuka   |e Perbadanan Perpustakaan Awam Melaka 
999 |a 0000691964   |b Buku   |c Rak Terbuka   |e Perbadanan Perpustakaan Awam Melaka 
999 |a 0000691965   |b Buku   |c Rak Terbuka   |e Perbadanan Perpustakaan Awam Melaka 
999 |a 0000691966   |b Buku   |c Rak Terbuka   |e Perpustakaan Cawangan Masjid Tanah 
999 |a 0000691967   |b Buku   |c Rak Terbuka   |e Perpustakaan Cawangan Merlimau 
999 |a 0000691968   |b Buku   |c Rak Terbuka   |e Perpustakaan Cawangan Jasin 
999 |a 0000691969   |b Buku   |c Rak Terbuka   |e Perpustakaan Komuniti UTC Melaka